Ardilla tiene hambre.

Spremljeno u:
Bibliografski detalji
Glavni autor: Kitamura, Satoshi (autor)
Daljnji autori: Goldin, Daniel (Urednik), Smith, Odette (traductora)
Format: Knjiga
Izdano: Ciudad de México, México: Fondo de Cultura Económica, 1998.
Izdanje:Primera edición en español.
Serija:Colección Los Especiales de A la Orilla del Viento.
Teme:
Oznake: Dodaj oznaku
Bez oznaka, Budi prvi tko označuje ovaj zapis!

MARC

LEADER 00000nam a2200000 4500
003 CL-VaPUC
005 20250318145729.0
008 230925t1998 ||||| |||| 00| 0 eng d
999 |c 441631  |d 441629 
020 |a 9789681655396 
040 |c Pontificia Universidad Católica de Valparaíso 
082 7 |a 808.068 KIT 1998  |2 22 
100 |a Kitamura, Satoshi  |9 878035  |e autor 
245 |a Ardilla tiene hambre. 
246 |a Squirrel is hungry. 
250 |a Primera edición en español.  
260 |a Ciudad de México, México:   |b Fondo de Cultura Económica,  |c 1998. 
300 |a [14] páginas :  |b ilustraciones.  
490 |a Colección Los Especiales de A la Orilla del Viento.  
583 |k GC  |c 20230925 
650 0 |a Literatura infantil   |9 307465  |x Cuentos 
700 |a Goldin, Daniel   |e editor  |9 884734 
700 |a Smith, Odette  |e traductora  |9 884735 
942 |2 ddc  |c BK 
952 |0 0  |1 0  |2 ddc  |4 0  |6 808_068000000000000_KIT_1998  |7 0  |8 A  |9 591676  |a BIBEDU  |b BIBEDU  |c GEN  |d 2023-09-25  |e 3  |g 8085.00  |i 5658779  |l 1  |o 808.068 KIT 1998  |p 5658779  |r 2024-03-19  |s 2024-03-19  |t 1  |v 8085.00  |w 2023-09-25  |y BK  |k PAR